History Quiz

Random History or Clickable Quiz
Score 0/70 Timer 14:00
12 Plays Today
% Correct
Barack Obama
90.1%
Martin Luther King Jr.
87.4%
Frank Sinatra
86.7%
Neil Armstrong
84.2%
George S. Patton
79.7%
Sun Tzu
79.2%
Zheng He
78.5%
Charles de Gaulle
78.4%
Mohandas Gandhi
77.9%
Sun Yat-sen
77.8%
Mao Zedong
76.4%
Winston Churchill
75.3%
Adolf Hitler
74.8%
Charles Darwin
74.6%
Ravi Shankar
74.4%
Aristotle
74.3%
Jawaharlal Nehru
74%
Arnold Schwarzenegger
73.8%
Wayne Gretzky
73.8%
Arthur Conan Doyle
73.6%
Vladimir Lenin
73.3%
Plato
72.9%
Socrates
72.6%
Napoléon Bonaparte
72.2%
Leonardo da Vinci
71.4%
Joan of Arc
71.1%
Rabindranath Tagore
71.1%
Galileo Galilei
69.9%
Alexander Pushkin
69.6%
James Joyce
68.7%
Isaac Newton
67.2%
Lech Wałęsa
66.8%
Yuri Gagarin
66.4%
Leo Tolstoy
65.9%
Pierre Trudeau
65.3%
% Correct
El Cid
65.2%
Alexander the Great
65.2%
Laozi
65.1%
Georgy Zhukov
65%
Francisco Franco
64.8%
Guglielmo Marconi
64.6%
Dante Alighieri
64.3%
Hernán Cortés
63.6%
Miguel de Cervantes
63.6%
Oscar Wilde
63.3%
El Greco
62.8%
Wolfgang Amadeus Mozart
62.5%
Terry Fox
61.5%
William Butler Yeats
61.5%
Salvador Dalí
61.4%
Erwin Rommel
61.2%
Ashoka Maurya
61%
Margaret Atwood
59.8%
Pope John Paul II
59.8%
Christopher Columbus
58.7%
Voltaire
58.3%
Johann Sebastian Bach
58.2%
Otto von Bismarck
55.8%
Robert Boyle
55.6%
Jules Verne
54.2%
Erwin Schrödinger
53.5%
Karl Marx
52.4%
Frédéric Chopin
51.6%
William Lyon Mackenzie King
51.5%
Marie Curie
49.8%
Martin Luther
49.3%
James Watt
47.1%
Nicolaus Copernicus
45.3%
Joseph Haydn
44.2%
Bram Stoker
42.6%

You're not logged in!

Compare scores with friends on all Sporcle quizzes.
OR
Log In

Sporcle TV

Today on Sporcle TV


Watch our educational content, quiz creation guides, and fun videos on Sporcle TV.

Show Comments

Extras

Top Quizzes Today


Score Distribution

Paid Content

Your Account Isn't Verified!

In order to create a playlist on Sporcle, you need to verify the email address you used during registration. Go to your Sporcle Settings to finish the process.

Report this User

Report this user for behavior that violates our Community Guidelines.

Details: